| 000 | 00809nam a22002177a 4500 | ||
|---|---|---|---|
| 001 | 9974 | ||
| 003 | FISKH | ||
| 005 | 20260320113616.0 | ||
| 008 | 260320b cb ||||| |||| 00| 0 eng d | ||
| 040 |
_aFISKH _beng _cFISKH _dFISKH |
||
| 050 | _aPZ7 .N24 .B | ||
| 082 | _a420 | ||
| 100 | _aNaylor, Phyllis Reynolds | ||
| 245 |
_aBeetles, lightly toasted / _cPhyllis Reynolds Naylor |
||
| 260 |
_aNew York : _bA Yearling Book, _c1987 |
||
| 300 |
_a134 pages : _c20 cm |
||
| 520 | _aAndy's entering the fifth-grade essay contest stirs his imagination to creative heights as he competes with his know-it-all cousin by making recipes with some unusual food sources and testing them on unaware friends and family. | ||
| 650 |
_aFriends and Friendship _vJuvenile Fiction |
||
| 942 |
_2ddc _cBK _n0 |
||
| 999 |
_c9974 _d9974 |
||